Toutes les communes du canton de Saint-Brévin-les-Pins (44) - Statistiques

Statistiques générales
  • Ce quiz a été pris 43 fois
  • Le résultat moyen est 6 sur 9
Réponses sur la Carte
Les réponses sont colorées sur une échelle allant du rouge au vert en fonction du pourcentage des utilisateurs qui les ont devinées à leur premier essai. Vous pouvez retrouver ces pourcentages ci-dessous.
 
Statistiques - réponses
Commune % Correct
Saint-Brévin-les-Pins
100%
Paimbœuf
90%
Saint-Père-en-Retz
80%
Corsept
65%
Frossay
60%
Saint-Viaud
60%
Le Pellerin
40%
La Montagne
30%
Saint-Jean-de-Boiseau
25%
Aucun quiz correspondant
Distribution des résultats
% des personnes avec chaque résultat
Percentile par nombre de réponses
Votre historique - résultats
Vous n’avez pas pris ce quiz